Responses for Show #5826 - Monday, January 4, 2010

Ask Alex #24: Prizes.

Contestants

[<< previous game]

Charles Soule, an attorney from Brooklyn, New York

Jennifer Broders, a junior high school social studies teacher from Stockton, Iowa

Neel Varde, a food scientist from St. Charles, Illinois (whose 1-day cash winnings total $30,001)

[next game >>]

Jeopardy! Round responses

BRITISH HISTORY DATEBOOK
TV's SUPPORTING CASTS
POTPOURRI
THE WHISKEY TRAIL
"ARD" STUFF
RHETT-ORIC
(Alex: Rhett Butler's lines from the book or the film. It could be either one.)
    $200 11
the Parliament

Neel
    $200 1
30 Rock

Jennifer
    $200 15
closed captions

Jennifer
    $200 6
bourbon

Jennifer
    $200 21
a tankard

Charles
    $200 26
a hankie (or handkerchief)

Jennifer
    $400 12
the Bible

Jennifer
    $400 2
Ugly Betty

Neel
    $400 17
enter

Charles
    $400 7
Japan

Charles
    $400 22
a reward

Charles
    $400 27
New Orleans

Triple Stumper
    $600 13
the Great Fire of London

Jennifer
    $600 3
The Big Bang Theory

Neel
    $600 18
Tippi Hedren

Jennifer
    $600 8
Canadian Club

Jennifer
    $600 23
orchard

Neel
    $600 28
the Mason-Dixon Line

Jennifer
    $800 14
Richard the Lionhearted

Charles
    $800 4
The Mentalist

Triple Stumper
    $800 19
acid reflux

Jennifer
    $800 9
Ireland

Charles
    $800 24
awkward

Charles
    $2,000 29
(Alex: "[*], my dear, I don't give a damn.")

frankly

Jennifer
    $1000 16
Nelson

Neel
    $1000 5
Bones

Triple Stumper
    $1000 20
(Charles: What is a honeycomb?)

honeypot

JenniferCharles
    $1000 10
Wales

Jennifer
    $1000 25
a petard

Neel
    $1000 30
Ashley Wilkes

Jennifer

Scores at the first commercial break (after clue 15):

Neel Jennifer Charles
$1,200 $3,200 $2,000

Scores at the end of the Jeopardy! Round:

Neel Jennifer Charles
$3,800 $9,400 $2,800

Double Jeopardy! Round responses

U.S. CITIES
THE SECOND TIME AROUND
(Alex: We're talking about songs that were hits twice.)
LANGUAGE
ABLE ANIMALS
STAMP COLLECTING
RHETORIC
    $400 3
San Francisco

Charles
    $400 1
(Alex: Maybe it wasn't as big a hit the second time when [*] did it.)

Phil Collins

Triple Stumper
    $400 8
Darfur

Neel
    $400 13
smell

Jennifer
    $400 18
Queen Victoria

Neel
    $400 24
irony

Charles
    $800 4
Hartford

Jennifer
    $800 2
The Beach Boys

Jennifer
    $800 9
Cambodia

Charles
    $800 14
their eyes

Charles
    $800 19
a watermark

Jennifer
    $800 25
(Neel: Uh, what is soliloquy?)

antithesis

Neel
Triple Stumper
    $1200 5
Philadelphia

Jennifer
    $1200 21
George Michael

Charles
    $3,000 10
pidgin

Charles
    $1200 15
whiskers

Jennifer
    $2,000 20
airmail

Jennifer
    $1200 26
understatement

Neel
    $1600 6
Savannah

Charles
    $1600 22
Rod Stewart

Triple Stumper
    $1600 11
(Neel: What is Lapp?)

Swedish

Neel
Triple Stumper
    $1600 16
pheromones

Neel
    $1600 29
a commemorative stamp

Charles
    $1600 28
a rhetorical question

Charles
    $2000 7
El Paso, Texas

Triple Stumper
    $2000 23
Dusty Springfield

Triple Stumper
    $2000 12
(Alex: And we have the famous Punic Wars with [*].)

Carthage

Triple Stumper
    $2000 17
an anglerfish

Charles
    $2000 30
a first day issue (a first day edition accepted)

Jennifer
    $2000 27
digression

Neel

Scores at the end of the Double Jeopardy! Round:

Neel Jennifer Charles
$7,000 $18,600 $16,200

[wagering suggestions for these scores]

Final Jeopardy! Round responses

AUTHORS' QUOTATIONS
NeelWho was Fitzgerald
$100
CharlesWho is F. Scott Fitzgerald
$13,801
JenniferWho is F. Scott Fitzgerald?
$13,801
F. Scott Fitzgerald

Final scores:

Neel Jennifer Charles
$7,100 $32,401 $30,001
3rd place: $1,000 New champion: $32,401 2nd place: $2,000

Game dynamics:

Coryat scores:

Neel Jennifer Charles
$7,000 $16,600 $14,400
11 R,
2 W
22 R
(including 2 DDs),
0 W
17 R
(including 1 DD),
1 W

Combined Coryat: $38,000

[game clues] [game scores] [suggest correction]

Game tape date: 2009-11-11
The J! Archive is created by fans, for fans. Scraping, republication, monetization, and malicious use prohibited; this site may use cookies and collect identifying information. See terms. The Jeopardy! game show and all elements thereof, including but not limited to copyright and trademark thereto, are the property of Jeopardy Productions, Inc. and are protected under law. This website is not affiliated with, sponsored by, or operated by Jeopardy Productions, Inc. Join the discussion at JBoard.tv.